Le Maître d'École. Par Frédéric Soulié
Guardat en:
| Autor principal: | |
|---|---|
| Format: | Llibre |
| Idioma: | francès |
| Publicat: |
Bruselas
Société Belge de Libraire Hauman et Cie.
1839
|
| Edició: | 1a. ed |
| Matèries: | |
| Etiquetes: |
Afegir etiqueta
Sense etiquetes, Sigues el primer a etiquetar aquest registre!
|
MARC
| LEADER | 00000nam a2200000 a 4500 | ||
|---|---|---|---|
| 001 | UCJ7553 | ||
| 003 | CL-VaPUC | ||
| 008 | 070124e18390000BE |||||||||||||||||fre|d | ||
| 082 | 0 | 4 | |a 843 |b SOU |2 21 |
| 100 | 0 | |a Soulié, Frédéric |e author |9 516020 | |
| 245 | 1 | 3 | |a Le Maître d'École. Par Frédéric Soulié |
| 250 | |a 1a. ed | ||
| 300 | |a 266 p | ||
| 942 | |c BK | ||
| 945 | |d 20070124 00:00:00 |a rinostro | ||
| 260 | |a Bruselas |b Société Belge de Libraire Hauman et Cie. |c 1839 | ||
| 650 | 7 | |a NOVELA FRANCESA |2 CL-VaPUC |9 516021 | |
| 583 | |a last modification |c 20070124 00:00:00 |k Rodrigo Vera | ||
| 999 | |c 323612 |d 323610 | ||
| 952 | |0 0 |1 0 |4 0 |6 843_000000000000000_SOU_1839 |7 0 |8 X |9 403367 |a FDOBUD |b FDOBUD |d 2019-11-22 |i 1065904 |o 843 SOU 1839 |p 1065904 |r 2019-11-22 |w 2019-11-22 |y BK_X |k BUD | ||